00277nam a2200109Ia 4500008004000000082001200040100002800052245003500080260003700115300000900152440000600161210210b1955 xxu||||| |||| 00| 0 eng d a110/102 aRUNES (Dagobert D). Ed. aTreasury of philosophy. Vol 2. aChicagobSpencer Press Incc1955 a1270 a2